<The> MacGraw-Hill Handbook of Business Letters

Uložené v:
Podrobná bibliografia
Hlavný autor: Poe, Roy W.
Médium: Kniha
Jazyk:English
Vydavateľské údaje: New York MacGraw-Hill 1994
Vydanie:3. ed.
Predmet:
Tagy: Pridať tag
Žiadne tagy, Buďte prvý, kto otaguje tento záznam!

MARC

LEADER 00000nam a2200000 4500
001 c014338
005 20221205140742.6
020 |a 0-07-050451-2 
041 0 |a eng 
044 |a US 
245 1 0 |a <The> MacGraw-Hill Handbook of Business Letters  |c Roy W. Poe 
250 |a 3. ed. 
264 1 |a New York  |b MacGraw-Hill  |c 1994 
300 |a 363 s. 
610 2 0 |a korešpondencia 
610 2 0 |a podnikanie 
610 2 0 |a obchod 
610 2 0 |a príručky 
100 1 |a Poe, Roy W.